000 00219nam a22000857a 4500
008 170119b xxu||||| |||| 00| 0 eng d
100 _92494
_aSoanes.C.etal.
245 _aOxford A-Z Spelling
260 _aNew Delhi
_bOxford
_c2011
999 _c5561
_d5561